000
00313nam a2200133Ia 4500
005
20251222143239.0
008
251222s9999||||xx |||||||||||||| ||spa||
020
_a
84-493-0588-8
082
_a
153.9/G25I
100
_a
Gardner, Howard
245
0
_a
Inteligencias Múltiples:
264
_b
Paídos
942
_c
LIB
999
_c
14499
_d
14499